| 000 | 00642nam a2200193Ia 4500 | ||
|---|---|---|---|
| 999 |
_c2026 _d2026 |
||
| 008 | 191121s 1988 ||||xx |||||||||||||| ||und|| | ||
| 020 | _a9280112422 | ||
| 082 |
_a628.16833 _bIMO |
||
| 110 | _aInternational Maritime Organization | ||
| 245 | 0 | _aManual on oil pollution: section 4, combating oil spills | |
| 260 |
_aLondon _bInternational Maritime Organization _c1988 |
||
| 300 | _aviii, 216 p.: col. ill. | ||
| 504 | _aIncludes bibliographical description | ||
| 650 | _aOil pollution of the sea | ||
| 650 | _aPetroleum waste - Recycling | ||
| 650 | _aLiability for oil pollution damages | ||
| 650 | _aOil spills | ||
| 942 | _cBK | ||